| 000 | 00740 a2200193 4500 | ||
|---|---|---|---|
| 003 | NUST | ||
| 005 | 20221121164723.0 | ||
| 010 | _a 77360654 | ||
| 020 | _a0700202625 : | ||
| 040 | _cNust | ||
| 082 | 0 | 0 | _a515.45,CHA |
| 100 | 1 |
_aChambers, Llewelyn Gwyn. _9103292 |
|
| 245 | 1 | 0 |
_aIntegral equations : _ba short course / _cLl. G. Chambers. |
| 260 |
_aLondon : _bInternational Textbook Co., _c1976. |
||
| 300 |
_a[7], 198 p. : _b1 ill. ; _c24 cm. |
||
| 505 | _aPreliminary Concepts (Page-1), Fredholm Equations (Page-22), Volterra Integral Equations (Page-89), Integral Equations And Transformations (Page-121), Approximate Methods (Page-142), Appendices (Page-181). | ||
| 650 | 0 |
_aIntegral equations. _910473 |
|
| 942 |
_2ddc _cBK _k515.45,CHA |
||
| 999 |
_c181868 _d181868 |
||